000 00719cam a2200253 i 4500
001 4123078
003 OSt
005 20230620121000.0
008 760421s1975 ii b 001 0 eng
010 _a 75903653
020 _cRs25.00
040 _aDLC
_cDLC
_dDLC
050 0 0 _aZ693
_b.G57 1975
082 0 0 _a025.32
_bKUM
100 0 _aGirja Kumar,
_d1982-
245 1 0 _aTheory of cataloguing /
_cGirja Kumar, Krishan Kumar.
260 _aDelhi :
_bVikas Pub. House,
_c[1982
300 _aix, 235 p. ;
_c22 cm.
504 _aIncludes bibliographies and index.
650 0 _aCataloging.
700 0 _aKrishan Kumar,
_d1933-
_ejoint author.
906 _a7
_bcbc
_corignew
_d4
_encip
_f19
_gy-gencatlg
942 _2ddc
_cBK
999 _c1695
_d1695